Cities Bigger Than Their State Capital - Statistics

General Stats
  • This quiz has been taken 206 times
    188 since last reset
  • The average score is 72 of 160
Answer Stats
Hint Answer % Correct
3,849,297 Los Angeles
94%
1,381,611 San Diego
94%
815,201 San Francisco
94%
954,614 Jacksonville
93%
2,696,555 Chicago
92%
439,890 Miami
92%
8,467,513 New York
92%
154,545 | 508,394 Kansas City
91%
309,154 Orlando
91%
1,576,251 Philadelphia
91%
288,121 Anchorage
90%
576,498 Baltimore
90%
632,464 Detroit
90%
646,790 Las Vegas
90%
300,431 Pittsburgh
90%
641,162 | 68,313 Portland
90%
276,807 Buffalo
89%
2,288,250 Houston
89%
733,919 Seattle
89%
376,971 New Orleans
88%
1,451,853 San Antonio
88%
387,050 Tampa
88%
1,288,457 Dallas
87%
983,849 San Jose
87%
562,599 Albuquerque
86%
628,594 Louisville
86%
425,336 Minneapolis
85%
32,702 Fairbanks
83%
569,330 Milwaukee
83%
879,709 Charlotte
82%
487,300 Omaha
82%
268,851 Reno
81%
293,310 St. Louis
79%
395,699 Wichita
79%
307,220 Newark
78%
210,606 Rochester
77%
151,612 Charleston
76%
146,103 Syracuse
74%
457,672 Virginia Beach
74%
70,750 Wilmington
74%
135,081 New Haven
73%
219,205 Tacoma
73%
126,748 Fargo
72%
283,927 Jersey City
72%
117,445 Billings
71%
544,510 Fresno
70%
216,963 Huntsville
70%
196,528 Sioux Falls
70%
196,416 Grand Rapids
68%
58,129 St. Peters
68%
258,201 St. Petersburg
68%
321,793 Lexington
67%
121,536 Ann Arbor
66%
44,781 Burlington
66%
148,333 Bridgeport
65%
115,462 Manchester
65%
229,071 Spokane
65%
31,921 Bangor
60%
209,530 Yonkers
58%
235,089 Norfolk
57%
75,874 Scranton
56%
322,178 Henderson
54%
112,914 Las Cruces
53%
169,724 Springfield
52%
93,999 Erie
50%
274,133 North Las Vegas
49%
74,822 Missoula
48%
125,944 Allentown
47%
54,539 Bozeman
47%
136,309 Stamford
47%
126,853 Columbia
46%
149,104 Naperville
45%
147,711 Rockford
45%
76,184 Rapid City
44%
179,266 Aurora
43%
197,106 Overland Park
43%
34,768 Butte-Silver Bow
41%
149,440 Bellevue
39%
91,124 Nashua
39%
73,529 Bowling Green
37%
251,269 Chesapeake
37%
192,169 Vancouver
37%
135,407 Elizabeth
36%
110,812 Everett
35%
96,578 Yakima
35%
150,372 Joliet
34%
92,289 Bellingham
32%
79,588 Frederick
32%
220,490 Hialeah
32%
57,503 Lancaster
32%
122,088 | 28,920 Independence
31%
204,510 Cape Coral
30%
60,403 Great Falls
28%
157,794 Paterson
28%
36,617 Lewiston
25%
94,844 Reading
25%
28,324 Aberdeen
24%
51,846 Joplin
24%
40,837 Covington
23%
143,014 Olathe
23%
217,523 Port St. Lucie
23%
109,796 Sparks
23%
105,834 Rio Rancho
22%
20,282 South Burlington
22%
134,835 Kent
20%
26,993 South Portland
20%
105,905 Spokane Valley
20%
71,602 St. Joseph
20%
43,487 Hagerstown
19%
15,851 Rutland
19%
138,130 Warren
19%
76,354 Redmond
18%
75,624 Bethlehem
17%
113,911 Elgin
17%
105,179 Renton
17%
70,820 St. Charles
17%
99,037 Federal Way
16%
78,871 Pasco
16%
24,033 | 85,699 Auburn
15%
84,488 Kennewick
15%
92,107 Kirkland
15%
93,644 O'Fallon
14%
60,011 Owensboro
14%
61,929 Richland
14%
133,269 Sterling Heights
14%
10,748 Essex Junction
12%
69,101 Gaithersburg
12%
102,781 Lee's Summit
12%
35,756 Richmond
12%
23,577 Brookings
11%
31,931 Elizabethtown
11%
63,331 Lakewood
11%
67,139 Rockville
10%
22,722 Watertown
9%
8,457 Barre
8%
57,644 Bowie
8%
32,132 Florence
8%
71,144 Marysville
8%
15,631 Mitchell
8%
20,669 Saco
8%
15,453 Yankton
8%
59,430 Blue Springs
6%
49,703 Chesterfield
6%
30,683 Hopkinsville
6%
66,630 Sammamish
6%
22,135 Sanford
6%
57,918 Shoreline
6%
22,569 Biddefort
5%
52,003 Florissant
5%
14,231 Huron
5%
28,671 Jeffersontown
5%
31,490 Nicholasville
5%
45,452 Wentzville
5%
37,730 Georgetown
4%
20,572 Westbrook
3%
8,330 Winooski
3%
No matching quizzes found
Score Distribution
Percent of People with Each Score
Percentile by Number Answered
Your Score History
You have not taken this quiz since the last reset